000 00827nam a2200277 a 4500
001 49587
003 BD-RjUL
005 20211209054710.0
008 160821t19711962enk b 001 0 eng
020 _a0710045557 [R.K.P.]
020 _a0802012035[U.T.P.]
035 _a(BD-RjUL)49706
040 _aDLC
_cDLC
_dDLC
_beng
041 _aeng
082 0 0 _a361.942
_223
_bWOF 1971
100 1 _aWoodroofe, Kathleen.
_9148708
245 1 0 _aFrom charity to social work :
_bin England and the United States. /
260 _aToronto :
_bUniversity of Toronto Press,
_cc1962, 1971
300 _avi, 247 p.
_c22 cm.
350 _a$2.50
504 _aBibliography: p. 229-237.
650 0 _aSocial service
_zUnited States.
_9148709
650 0 _aSocial service
_zEngland.
_9148710
942 _2ddc
_cBK
999 _c49587
_d49587